| 000 | 00818nam a2200289Ia 4500 | ||
|---|---|---|---|
| 001 | 16719 | ||
| 003 | IT-RoPAU | ||
| 008 | 130308s9999 xx 000 0 und d | ||
| 040 | _aIT-RoPAU | ||
| 040 | _cIT-RoPAU | ||
| 041 | _aITALIANO | ||
| 100 | _aLattanzi Giorgio | ||
| 100 | _gCodice Aut. SPICS: 4831 | ||
| 245 | _aDiffamazione giudiziaria: lecito e illecito nella realtà sociale e nell'esperienza | ||
| 245 | _bTutela dell'onore e mezzi di Comunicazione di Massa | ||
| 250 | _a1a ed. | ||
| 260 | _aMILANO | ||
| 260 | _bFeltrinelli | ||
| 260 | _c1979 [1° Ed.:1979 - Ed.Ling.Originale:1978] | ||
| 300 | _a"3 p. (prefazione: no ; testo: 3 [pagine: 161-163])" | ||
| 650 | _aDIRITTO GENERALE | ||
| 650 | _eCodice materia Spics: 4601 | ||
| 942 | _cBK | ||
| 957 | _71 | ||
| 999 |
_c46601 _d46601 |
||
| 999 | _bSI | ||
| 999 | _g1 | ||